[Event "EYb18"]
[Site "Herceg Novi MNE"]
[Date "2008.09.18"]
[Round "4"]
[White "Hansen,Martin2"]
[Black "Pavlidis,Ana"]
[Result "1/2-1/2"]
[WhiteElo "2128"]
[BlackElo "2270"]

1.e4 e5 2.Nf3 Nc6 3.Bb5 a6 4.Ba4 Nf6 5.O-O b5 6.Bb3 Be7 7.Re1 d6 8.c3 O-O
9.h3 Bb7 10.d4 Re8 11.Nbd2 Bf8 12.a3 g6 13.Ba2 exd4 14.cxd4 Bg7 15.Qc2 Nh5
16.d5 Nb8 17.Nf1 Nd7 18.Bg5 Nhf6 19.Ng3 Rc8 20.Rad1 Qe7 21.b4 Qf8 22.Bb3 h6
23.Bf4 g5 24.Bc1 c6 25.dxc6 Bxc6 26.Qd3 Ne5 27.Nxe5 dxe5 28.Bb2 Red8 29.Qe3 Qe8
30.Ba2  1/2-1/2

[Event "9th YM Open"]
[Site "Lausanne SUI"]
[Date "2008.09.22"]
[Round "6"]
[White "Guliyev,N"]
[Black "Netzer,Je"]
[Result "1-0"]
[WhiteElo "2510"]
[BlackElo "2362"]

1.e4 e5 2.Nf3 Nc6 3.Bb5 a6 4.Ba4 Nf6 5.O-O Be7 6.Re1 b5 7.Bb3 O-O 8.h3 d6
9.c3 Bb7 10.d4 Re8 11.Nbd2 Bf8 12.d5 Nb8 13.Nf1 Nbd7 14.Ng3 Nc5 15.Bc2 c6
16.b4 Ncd7 17.dxc6 Bxc6 18.Bb3 h6 19.Nh2 Qc7 20.Qf3 Qb7 21.Ng4 d5 22.Bxh6 dxe4
23.Qf5 Bd5 24.Bg5 Be6 25.Bxe6 Rxe6 26.Bxf6 Nxf6 27.Rad1 Rc8 28.Nxf6+ Rxf6
29.Qxe4 Qa7 30.Qe2 Rfc6 31.Ne4 f5 32.Ng5 e4 33.Qd2 g6 34.Qd5+ Kh8 35.Nf7+ Kg7
36.Nd8 Rf6 37.Ne6+ Kh7 38.Qe5 Qe7 39.Nxf8+ Qxf8 40.Rd7+ Rf7 41.Red1 Re8 42.Qf6 Ree7
43.Rxe7 Qxe7 44.Qxa6 Qe5 45.Qc6 e3 46.fxe3 Qxe3+ 47.Kh1 Qe2 48.Qd5 Ra7 49.a3 Re7
50.Kh2 f4 51.Rd3 Re3 52.Qf7+  1-0

[Event "EYb18"]
[Site "Herceg Novi MNE"]
[Date "2008.09.23"]
[Round "8"]
[White "Plaskan,J"]
[Black "Omarsson,D"]
[Result "1-0"]
[WhiteElo "2149"]
[BlackElo "2029"]

1.e4 e5 2.Nf3 Nc6 3.Bb5 a6 4.Ba4 Nf6 5.O-O Be7 6.Re1 b5 7.Bb3 d6 8.c3 O-O
9.h3 Bb7 10.d4 Re8 11.a4 h6 12.Nbd2 Bf8 13.Bc2 exd4 14.cxd4 Nb4 15.Bb1 c5
16.d5 Nd7 17.Nf1 f5 18.Bd2 fxe4 19.Bxb4 cxb4 20.Bxe4 Nc5 21.Ng3 bxa4 22.Qc2 Nxe4
23.Rxe4 Bxd5 24.Rxb4 Bb3 25.Qd3 Qf6 26.Rd4 d5 27.Nh4 Qf7 28.Nf3 Re6 29.Rh4 Be7
30.Rg4 Rf8 31.Nd4 Qxf2+ 32.Kh2 Qe3 33.Rxg7+ Kxg7 34.Ngf5+  1-0

[Event "ch-Commonwealth"]
[Site "Nagpur IND"]
[Date "2008.10.01"]
[Round "5"]
[White "Harshal,S"]
[Black "Eswar,R"]
[Result "0-1"]
[WhiteElo "1706"]
[BlackElo "2021"]

1.e4 e5 2.Nf3 Nc6 3.Bb5 a6 4.Ba4 Nf6 5.O-O Be7 6.Re1 b5 7.Bb3 d6 8.c3 O-O
9.h3 Bb7 10.d4 Re8 11.a4 h6 12.d5 Na5 13.Bc2 c6 14.dxc6 Bxc6 15.Nbd2 Nb7
16.axb5 axb5 17.Rxa8 Qxa8 18.Nb3 Nd8 19.Nfd2 Ne6 20.h4 d5 21.Qf3 Bf8 22.Qf5 Nf4
23.Nf3 Bd7 24.Qxe5 Rxe5 25.Nxe5 Ne6 26.f3 dxe4 27.fxe4 Bc6 28.Nd2 Bd6 29.Nxc6 Qxc6
30.Kh1 Ng4 31.Nf3 Bg3 32.Re2 Qc4 33.Bd1 Nf2+ 34.Kg1 Nxd1 35.Rd2 Qc5+ 36.Kh1 Nf2+
37.Rxf2 Qxf2 38.Ng1 Nf4 39.Bxf4 Qxf4  0-1

[Event "ch-Commonwealth"]
[Site "Nagpur IND"]
[Date "2008.10.03"]
[Round "7"]
[White "Satyapragyan,S"]
[Black "Matta,V"]
[Result "1/2-1/2"]
[WhiteElo "2414"]
[BlackElo "2265"]

1.e4 e5 2.Nf3 Nc6 3.Bb5 a6 4.Ba4 Nf6 5.O-O Be7 6.Re1 b5 7.Bb3 d6 8.c3 O-O
9.h3 Bb7 10.d4 Re8 11.Nbd2 Bf8 12.d5 Nb8 13.Nf1 Nbd7 14.Ng3 g6 15.Be3 Nc5
16.Bc2 c6 17.b4 Ncd7 18.dxc6 Bxc6 19.Bb3 Nb6 20.Bxb6 Qxb6 21.Nh2 Qb7 22.Qf3 Bg7
23.Rad1 Red8 24.Ng4 Nxg4 25.hxg4 Rac8 26.Rd3 Qe7 27.Red1 Rc7 28.Qe3 Be8 29.g5 Kh8
30.Qd2 Bf8 31.Rf3 h6 32.gxh6 Qh4 33.Qd3 Bxh6 34.Nf1 Kg7 35.Rh3 Qg5 36.Ne3 Bc6
37.Nf5+ gxf5 38.Rg3 Bxe4 39.Qe3 Qxg3 40.Qxg3+ Kf6 41.Qh4+ Bg5 42.Qh7 Bb7
43.Rd3 f4 44.Rh3 Bc8 45.Rh6+ Bxh6 46.Qxh6+ Ke7 47.Qg5+ Kd7 48.c4 Rxc4 49.Bxc4 bxc4
50.Qf5+ Ke7 51.Qg5+ Ke8 52.Qg8+ Ke7 53.Qg5+ Ke8  1/2-1/2

[Event "4NCL 2008-9"]
[Site "Sunningdale ENG"]
[Date "2008.10.04"]
[Round "1"]
[White "Hunt,H"]
[Black "Eames,R"]
[Result "1-0"]
[WhiteElo "2462"]
[BlackElo "2329"]

1.e4 e5 2.Nf3 Nc6 3.Bb5 a6 4.Ba4 Nf6 5.O-O Be7 6.Re1 b5 7.Bb3 d6 8.c3 O-O
9.h3 Bb7 10.d3 Na5 11.Bc2 c5 12.Nbd2 Re8 13.Nf1 h6 14.Ng3 Bf8 15.d4 Qc7 16.d5 g6
17.b3 Bc8 18.Nh2 Bg7 19.Qf3 Kh7 20.Bd2 Bd7 21.Ngf1 c4 22.b4 Nb7 23.a4 a5
24.axb5 axb4 25.cxb4 Bxb5 26.Bc3 Nh5 27.g3 Rec8 28.Ng4 Nd8 29.Reb1 f6 30.Nfe3 Nf7
31.h4 Rxa1 32.Rxa1 Qb7 33.Qd1 Ra8 34.Ra5 Rxa5 35.bxa5 Bf8 36.Qb1 Qa6 37.Qb4 g5
38.Ba4 Bxa4 39.Qxa4 Qb7 40.Qb4 Qd7 41.a6  1-0

[Event "Masters"]
[Site "Winterthur SUI"]
[Date "2008.10.06"]
[Round "4"]
[White "Mekhitarian,K"]
[Black "Hajnal,Z"]
[Result "0-1"]
[WhiteElo "2504"]
[BlackElo "2376"]

1.e4 e5 2.Nf3 Nc6 3.Bb5 a6 4.Ba4 Nf6 5.O-O Be7 6.Re1 b5 7.Bb3 d6 8.c3 O-O
9.h3 Bb7 10.d4 Re8 11.Ng5 Rf8 12.Nf3 Re8 13.d5 Nb8 14.Nbd2 Nbd7 15.Nf1 Nc5
16.Bc2 c6 17.b4 Ncd7 18.dxc6 Bxc6 19.Ng3 Bf8 20.Bb3 h6 21.Nh2 Rc8 22.Qf3 Nb6
23.Ng4 d5 24.Bxh6 Nxg4 25.Qxg4 Bd7 26.Nf5 Bxf5 27.exf5 Rxc3 28.Rad1 Rc6 29.Bg5 Qd7
30.Re3 Nc4 31.Rg3 d4 32.h4 e4 33.h5 Re5 34.h6 Qxf5 35.Qxf5 Rxf5 36.Rxd4 Bd6
37.Rg4 Ne5 38.h7+ Kh8 39.Rg3 Nf3+ 40.Rxf3 exf3 41.Be3 fxg2 42.Bd5 Rxd5 43.Rxd5 Bxb4
44.Kxg2 Kxh7 45.Rh5+ Kg8 46.Rh4 Bc5 47.Bd2 Rd6 48.Ba5 Rd3 49.Rh5 Ra3 50.Rxc5 Rxa5
51.Rc2 Ra3 52.f3 g5 53.Kg3 Kg7 54.Re2 Kg6 55.Kg2 f5 56.Rd2 Kh5 57.Kf2 Kh4
58.Kg2 f4 59.Rc2 a5 60.Rd2 b4 61.Rb2 a4  0-1

[Event "Chigorin Memorial"]
[Site "St Petersburg RUS"]
[Date "2008.10.07"]
[Round "5"]
[White "Sjugirov,S"]
[Black "Belov,Vl"]
[Result "1/2-1/2"]
[WhiteElo "2549"]
[BlackElo "2579"]

1.e4 e5 2.Nf3 Nc6 3.Bb5 a6 4.Ba4 Nf6 5.O-O Be7 6.Re1 b5 7.Bb3 d6 8.c3 O-O
9.h3 Bb7 10.d4 Re8 11.Ng5 Rf8 12.Nf3 Re8 13.Nbd2 Bf8 14.d5 Nb8 15.Nf1 Nbd7
16.N3h2 Nc5 17.Bc2 c6 18.b4 Ncd7 19.dxc6 Bxc6 20.Bg5 h6 21.Bxf6 Qxf6 22.Ng4 Qg5
23.a4 Rac8 24.Nfe3 h5 25.Nh2 g6 26.axb5 axb5 27.Nd5 Bxd5 28.Qxd5 Rxc3 29.Bd3 Nf6
30.Qxb5 d5 31.Nf1 Bxb4 32.exd5 Bc5 33.d6 Bxd6 34.Bc4 Qf4 35.Ra4 e4 36.Qb2 Qe5
37.Re3 Rxe3 38.Qxe5 Rxe5 39.Nxe3 Bc5 40.Ra5 Kg7 41.Rb5 Ne8 42.Nd5 Bd4 43.Nb4 Rxb5
44.Bxb5 Nd6 45.Ba6 f5 46.Kf1 Kf6 47.Ke2 f4 48.Nd5+ Ke5 49.Ne7 g5 50.Kf1 Ke6
51.Nc6 Bc3 52.Na7 Bb2 53.Nb5 Ne8 54.Na7 Nf6 55.Nc6 g4 56.hxg4 hxg4 57.Nb4 Bd4
58.Bc8+ Kd6 59.Bb7 Kc5 60.Nc2 Kc4 61.f3 gxf3 62.gxf3 e3 63.Ne1 Kc3 64.Ke2 Nh5
65.Ba6 Ng3+ 66.Kd1 Bf6 67.Ng2 Bg5 68.Ne1 Nf5 69.Nc2 Be7 70.Bb5 Nh4 71.Ne1 Nf5
72.Nc2 Bh4 73.Ba6 Bd8 74.Bb5 Ba5 75.Ba6 Kb2 76.Bc8 Ne7 77.Ba6 Bc3 78.Bd3 Bd2
79.Be4 Kc3 80.Na3 Kd4 81.Ke2 Ng8 82.Nc2+ Kc3 83.Na3 Kb4 84.Nc2+ Kc5 85.Bg6 Nf6
86.Bf7 Nh7 87.Bg6 Ng5 88.Bf5 Nf7 89.Na1 Kb4 90.Nc2+ Kc3 91.Na3 Nd6 92.Bd3 Kb4
93.Nc2+ Kc5 94.Na1 Kd5 95.Nb3 Bb4 96.Kd1 Ke5 97.Nc1 Nf7 98.Bg6 Nh8 99.Be8 Bd6
100.Nd3+ Kd4 101.Ke2 Kc3  1/2-1/2

[Event "XV PRO AM Open"]
[Site "Villa Martelli ARG"]
[Date "2008.10.12"]
[Round "3"]
[White "Zuriel,M"]
[Black "Ocampos,I"]
[Result "1-0"]
[WhiteElo "2189"]
[BlackElo "1898"]

1.e4 e5 2.Nf3 Nc6 3.Bb5 a6 4.Ba4 Nf6 5.O-O Be7 6.Re1 b5 7.Bb3 O-O 8.h3 Bb7
9.c3 d6 10.d4 exd4 11.cxd4 Na5 12.Bc2 c5 13.Nbd2 Re8 14.Nf1 d5 15.e5 Ne4
16.Ne3 Ng5 17.Nxg5 Bxg5 18.Qd3 g6 19.Ng4 Re6 20.f4 c4 21.Qf3 f5 22.fxg5 fxg4
23.Qxg4 Bc8 24.Qg3 Nc6 25.Be3 Qe7 26.a3 a5 27.Rf1 Qg7 28.Rf6 Ne7 29.Raf1 Rc6
30.Qf3 Be6 31.h4 Rac8 32.g4 Kh8 33.h5 gxh5 34.gxh5 Ng8 35.h6 Qe7 36.g6 hxg6
37.Rxg6 Qh4 38.Qg3 Qxg3+ 39.Rxg3 Ne7 40.Bg5 Ng8 41.h7 c3 42.hxg8=Q+ Kxg8
43.Be7+  1-0

[Event "24th ECC"]
[Site "Kallithea GRE"]
[Date "2008.10.18"]
[Round "2"]
[White "Balogh,C"]
[Black "Nyback,T"]
[Result "1/2-1/2"]
[WhiteElo "2616"]
[BlackElo "2634"]

1.e4 e5 2.Nf3 Nc6 3.Bb5 a6 4.Ba4 Nf6 5.O-O Be7 6.Re1 b5 7.Bb3 d6 8.c3 O-O
9.h3 Bb7 10.d4 Re8 11.Nbd2 Bf8 12.d5 Nb8 13.Nf1 h6 14.N3h2 Nbd7 15.Ng4 Nxg4
16.Qxg4 Nf6 17.Qf3 c6 18.Ne3 cxd5 19.exd5 e4 20.Qd1 h5 21.Nc2 Re5 22.Bf4 Rf5
23.Qc1 Nxd5 24.Bxd5 Rxd5 25.Rxe4 Qf6 26.Nd4 Re5 27.Re2 Qg6 28.Qf1 Rxe2 29.Nxe2 Qc2
30.Bc1 Re8 31.Nd4 Qe4 32.Bd2 Qd5 33.a3 Be7 34.Re1 Kf8 35.f3 Bf6  1/2-1/2

[Event "24th ECC"]
[Site "Kallithea GRE"]
[Date "2008.10.21"]
[Round "5"]
[White "Jens,J"]
[Black "Nemeth,Mi1"]
[Result "1/2-1/2"]
[WhiteElo "2379"]
[BlackElo "2479"]

1.e4 e5 2.Nf3 Nc6 3.Bb5 a6 4.Ba4 Nf6 5.O-O Be7 6.Re1 b5 7.Bb3 d6 8.c3 O-O
9.h3 Bb7 10.d4 Re8 11.Nbd2 Bf8 12.d5 Ne7 13.Nf1 h6 14.N3h2 Ng6 15.Ng4 Nxg4
16.hxg4 Be7 17.Ne3 Bg5 18.a4 Ne7  1/2-1/2

[Event "TCh-CHN Torch Real Estate Cup"]
[Site "Jiangsu Wuxi CHN"]
[Date "2008.10.22"]
[Round "10"]
[White "Zhang Jilin"]
[Black "Ruan Lufei"]
[Result "1/2-1/2"]
[WhiteElo "2361"]
[BlackElo "2495"]

1.e4 e5 2.Nf3 Nc6 3.Bb5 a6 4.Ba4 Nf6 5.O-O Be7 6.Re1 b5 7.Bb3 d6 8.c3 O-O
9.h3 Bb7 10.d3 Na5 11.Bc2 c5 12.Nbd2 Re8 13.Nf1 Nc6 14.d4 cxd4 15.cxd4 exd4
16.Nxd4 Nxd4 17.Qxd4 Qc7 18.Bd3 Nd7 19.Bf4 Qc5 20.Qe3 Bf6 21.Qg3 Bxb2 22.Bxd6 Qc6
23.Rab1 Be5 24.Bxe5 Nxe5 25.Rbc1 Qg6 26.Bb1 Nc4 27.Qf4 Rad8 28.Ng3 Qd6 29.Qg4 Bc8
30.Nf5 Bxf5 31.Qxf5 g6 32.Qg4 Qe6 33.Qxe6 Rxe6 34.a4 Rd2 35.axb5 axb5 36.Rc2 Red6
37.e5 Nxe5 38.Rxe5 Rd1+ 39.Kh2 Rxb1 40.Rc8+ Kg7 41.Rb8 Rb2 42.Rexb5 Rxf2
43.Rb2 Rdd2 44.Rxd2 Rxd2 45.Kg3 h5 46.Rb6 g5 47.Kf3 f6 48.Rb5 Kg6 49.Ra5 Rb2
50.Rc5 h4 51.Ra5 Rb4 52.Rc5 f5 53.Rc8 Rb3+ 54.Kf2 Kf6 55.Rg8 Rg3 56.Ra8  1/2-1/2

[Event "WYCC Girls U16"]
[Site "Vung Tau City VIE"]
[Date "2008.10.22"]
[Round "4"]
[White "Liu,J"]
[Black "Sia Xin Jie,S"]
[Result "1-0"]
[WhiteElo "1859"]
[BlackElo "1762"]

1.e4 e5 2.Nf3 Nc6 3.Bb5 a6 4.Ba4 Nf6 5.O-O b5 6.Bb3 Be7 7.Re1 d6 8.c3 O-O
9.h3 Bb7 10.d4 Re8 11.Nbd2 Bf8 12.Bc2 g6 13.Bb1 Bg7 14.Nf1 d5 15.Bg5 h6 16.Bxf6 Bxf6
17.exd5 Qxd5 18.Be4 Qd8 19.dxe5 Bg7 20.Nd4 Na5 21.Bxb7 Nxb7 22.f4 c5 23.Nf3 Qb6
24.Qc2 c4+ 25.Kh1 Nc5 26.g3 Nd3 27.Re2 Qc6 28.Re3 f6 29.Qg2 fxe5 30.fxe5 Nxe5
31.Nxe5 Qxg2+ 32.Kxg2 Rxe5 33.Rae1 Rae8 34.Rxe5 Rxe5 35.Rxe5 Bxe5 36.Ne3 Kf7
37.Kf3 Ke6 38.g4 a5 39.Ke4 Bf6 40.a4 bxa4 41.Nxc4 Bd8 42.Ne5 Kf6 43.Nc6 Bc7
44.Nd4 Bd6 45.Nb5 Be7 46.Na3 Kg5 47.Kf3 Kh4 48.Kg2 h5 49.gxh5 gxh5 50.Nc4 Bd8
51.Ne5  1-0

[Event "Vasylyshyn Mem"]
[Site "Lviv UKR"]
[Date "2008.10.26"]
[Round "8"]
[White "Kravtsiv,M"]
[Black "Leniart,A"]
[Result "1/2-1/2"]
[WhiteElo "2549"]
[BlackElo "2368"]

1.e4 e5 2.Nf3 Nc6 3.Bb5 a6 4.Ba4 Nf6 5.O-O Be7 6.Re1 b5 7.Bb3 d6 8.c3 O-O
9.h3 Bb7 10.d4 Re8 11.Nbd2 Bf8 12.a3 h6 13.Bc2 Nb8 14.b4 Nbd7 15.Bb2 g6 16.Qb1 Bg7
17.Nb3 Rb8 18.Na5 Ba8 19.a4 d5 20.axb5 axb5 21.exd5 Nxd5 22.dxe5 Nxe5 23.Nxe5 Rxe5
24.Be4 Nxc3 25.Bxc3 Rxe4 26.Bxg7 Rxe1+ 27.Qxe1 Qd5 28.f3 Kxg7  1/2-1/2

[Event "Trophee CCAS KO"]
[Site "Cap d'Agde FRA"]
[Date "2008.10.29"]
[Round "1.4"]
[White "Caruana,F"]
[Black "Karpov,Ana"]
[Result "1/2-1/2"]
[WhiteElo "2640"]
[BlackElo "2651"]

1.e4 e5 2.Nf3 Nc6 3.Bb5 a6 4.Ba4 Nf6 5.O-O Be7 6.Re1 b5 7.Bb3 d6 8.c3 O-O
9.h3 Bb7 10.d4 Re8 11.a4 Bf8 12.Bg5 Na5 13.axb5 Nxb3 14.Qxb3 axb5 15.Rxa8 Qxa8
16.Bxf6 gxf6 17.Nbd2 Qa4 18.Qxa4 bxa4 19.d5 c6 20.c4 cxd5 21.cxd5 f5 22.Nh4 Rc8
23.Nxf5 Rc2 24.Rd1 Rxb2 25.Nc4 Rb4 26.Ncxd6 Ba6 27.Ra1 Bd3 28.Kh2 Bxd6 29.Nxd6 Bxe4
30.Nxe4 Rxe4 31.Rc1 Rd4 32.Rc8+ Kg7 33.Ra8 Kf6 34.Ra7 e4 35.d6 Ke6 36.d7 Rxd7
37.Rxa4 Ke5 38.Ra5+ Ke6 39.Kg3 Rd2 40.Rh5 f5 41.Rxh7 f4+ 42.Kxf4 Rxf2+ 43.Kxe4  1/2-1/2

[Event "12th OIBM"]
[Site "Bad Wiessee GER"]
[Date "2008.11.08"]
[Round "8"]
[White "Yuan Yuanling"]
[Black "Schneider,Il"]
[Result "0-1"]
[WhiteElo "2157"]
[BlackElo "2486"]

1.e4 e5 2.Nf3 Nc6 3.Bb5 a6 4.Ba4 Nf6 5.O-O Be7 6.Re1 b5 7.Bb3 d6 8.c3 O-O
9.h3 Bb7 10.d4 Re8 11.Ng5 Rf8 12.Nf3 Qd7 13.Nbd2 Rae8 14.Nf1 exd4 15.cxd4 Na5
16.Bc2 d5 17.Ne5 Qd8 18.exd5 Nxd5 19.Qd3 f5 20.a3 c5 21.dxc5 Bxc5 22.b4 Bd6
23.Bb2 Qc7 24.Qd4 Bxe5 25.Rxe5 Qxe5 26.Qxe5 Rxe5 27.Bxe5 Nc4 28.Bd4 Re8 29.g3 f4
30.Bc5 fxg3 31.fxg3 Nxb4 32.axb4 Re2 33.Bf2 Rxc2 34.Rd1 Ne5 35.Ne3 Rb2 36.Nd5 Kf7
37.Kf1 Bxd5 38.Rxd5 Ke6 39.Rd4 Nc4 40.Re4+ Kd5 41.Re7 Nd2+ 42.Kg1 Ne4 43.Bb6 Rxb4
44.Rxg7 Rc4 45.Rxh7 Rc1+ 46.Kg2 Rc2+ 47.Kf1 b4 48.Rd7+ Ke6 49.Rd3 b3 50.Bd4 a5
51.Ke1 b2 52.Bxb2 Rxb2 53.Ra3 a4 54.Kd1 Nc5 55.Kc1 Rh2 56.g4 Kd5 57.Rg3 Kc4
58.Ra3 Nb3+ 59.Kb1 Kc3  0-1

[Event "38th Olympiad"]
[Site "Dresden GER"]
[Date "2008.11.15"]
[Round "3"]
[White "Leko,P"]
[Black "Navara,D"]
[Result "1-0"]
[WhiteElo "2747"]
[BlackElo "2633"]

1.e4 e5 2.Nf3 Nc6 3.Bb5 a6 4.Ba4 Nf6 5.O-O Be7 6.Re1 b5 7.Bb3 O-O 8.c3 d6
9.h3 Bb7 10.d4 Re8 11.Ng5 Rf8 12.Nf3 Re8 13.Nbd2 Bf8 14.Bc2 g6 15.d5 Ne7
16.c4 c6 17.b3 Bh6 18.Ba3 cxd5 19.cxd5 Nh5 20.Nf1 Rf8 21.Ne3 Bc8 22.Bc1 Nf4
23.a4 bxa4 24.bxa4 f5 25.Nc4 fxe4 26.Bxe4 Ra7 27.Rb1 Rc7 28.Qb3 Bf5 29.Bxf4 exf4
30.Bxf5 Nxf5 31.Na5 Qd7 32.Nc6 Qf7 33.Re6 Rfc8 34.Rbe1 Bf8 35.Ng5 Qd7 36.Qf3 Ng7
37.Rf6 Re8 38.Rxe8 Qxe8 39.Rxf4 Rb7 40.Re4 Qc8 41.g4 Qd8  1-0

[Event "38th Olympiad w"]
[Site "Dresden GER"]
[Date "2008.11.16"]
[Round "4"]
[White "Kosintseva,N"]
[Black "Lindiawati,E"]
[Result "1-0"]
[WhiteElo "2468"]
[BlackElo "2121"]

1.e4 e5 2.Nf3 Nc6 3.Bb5 a6 4.Ba4 Nf6 5.O-O Be7 6.Re1 b5 7.Bb3 d6 8.c3 O-O
9.h3 Bb7 10.d4 Re8 11.Nbd2 h6 12.Nf1 Bf8 13.Ng3 Na5 14.Bc2 g6 15.b3 Bg7 16.Bd2 Nc6
17.Bd3 Nd7 18.d5 Ne7 19.c4 Nc5 20.Bf1 bxc4 21.bxc4 f5 22.Bb4 f4 23.Bxc5 fxg3
24.Be3 gxf2+ 25.Bxf2 c5 26.dxc6 Bxc6 27.Qd2 Qc7 28.Rad1 Red8 29.Nh2 Ba4 30.Rc1 Rab8
31.Ng4 Kh7 32.Ne3 Qb7 33.Qd3 Qb2 34.Rb1 Qd4 35.Qa3 Rxb1 36.Rxb1 Qxe4 37.Bd3 Qc6
38.Rb4 e4 39.Bf1 d5 40.cxd5  1-0

[Event "38th Olympiad w"]
[Site "Dresden GER"]
[Date "2008.11.25"]
[Round "11"]
[White "Agrest,I"]
[Black "Ohme,M"]
[Result "0-1"]
[WhiteElo "2215"]
[BlackElo "2237"]

1.e4 e5 2.Nf3 Nc6 3.Bb5 a6 4.Ba4 Nf6 5.O-O Be7 6.Re1 b5 7.Bb3 d6 8.c3 O-O
9.h3 Bb7 10.d4 Re8 11.Nbd2 Bf8 12.a4 Na5 13.Bc2 b4 14.d5 bxc3 15.bxc3 c6
16.c4 Rc8 17.Rb1 Re7 18.Bd3 Nd7 19.Nh4 Nc5 20.Bf1 g6 21.Ndf3 Rd7 22.g3 Ba8
23.Nh2 Be7 24.Ng2 Rb8 25.Rxb8 Qxb8 26.Ng4 Nab3 27.Nh6+ Kg7 28.Qg4 Nxc1 29.Nf5+ Kg8
30.Nxe7+ Rxe7 31.Rxc1 Rb7 32.Ne3 Rb4 33.Nf5 cxd5 34.exd5 Qd8 35.Nh6+ Kf8
36.Qf3 f5 37.Ng4 Rb3 38.Ne3 Nxa4 39.h4 Bb7 40.Bh3 Bc8 41.h5 Nc5 42.Qh1 Kg7
43.Qg2 Qg5 44.Ra1 Qxh5 45.Qf1 Qg5 46.Ng2 Qd2 47.Rd1 Qb4 48.Ne3 a5 49.Qe2 Ne4
50.Rf1 Rb2 51.Qd1 a4 52.g4 f4 53.Nf5+ gxf5 54.gxf5 Nf6 55.Qf3 Rb1 56.Qg2+ Kf7
57.Qg5 Rxf1+ 58.Kxf1 Qxc4+ 59.Kg1 Qc1+ 60.Kh2 Qc2 61.Kg1 Qd1+ 62.Kh2 a3  0-1

[Event "38th Olympiad"]
[Site "Dresden GER"]
[Date "2008.11.25"]
[Round "11"]
[White "Kotronias,V"]
[Black "Aagaard,J"]
[Result "1-0"]
[WhiteElo "2587"]
[BlackElo "2528"]

1.e4 e5 2.Nf3 Nc6 3.Bb5 a6 4.Ba4 Nf6 5.O-O Be7 6.Re1 b5 7.Bb3 d6 8.c3 O-O
9.h3 Bb7 10.d4 Re8 11.Nbd2 Bf8 12.a4 h6 13.Bc2 Qd7 14.b3 g6 15.d5 Ne7 16.c4 c6
17.Nf1 Bg7 18.Ng3 b4 19.Bd2 a5 20.Nh2 Bc8 21.f4 exf4 22.Bxf4 g5 23.Be3 cxd5
24.exd5 Qd8 25.Bd4 Ng6 26.Qd2 Bd7 27.Bf5 Rxe1+ 28.Rxe1 Nf4 29.Ng4  1-0

[Event "VII Pereyra Puebla Mem"]
[Site "Mendoza ARG"]
[Date "2008.12.08"]
[Round "5"]
[White "Perez Ponsa,F"]
[Black "Lopez Silva,H"]
[Result "1-0"]
[WhiteElo "2363"]
[BlackElo "2410"]

1.e4 e5 2.Nf3 Nc6 3.Bb5 a6 4.Ba4 Nf6 5.O-O b5 6.Bb3 Be7 7.Re1 d6 8.c3 O-O
9.h3 Bb7 10.d4 Re8 11.Nbd2 Bf8 12.d5 Nb8 13.Nf1 Nbd7 14.N3h2 h6 15.Ng3 Nc5
16.Bc2 c6 17.b4 Ncd7 18.dxc6 Bxc6 19.Bb3 Nb6 20.Ng4 Nc4 21.Bxc4 bxc4 22.a4 Nxe4
23.Rxe4 Bxe4 24.Nxe4 f5 25.Qd5+ Kh8 26.Ne3 fxe4 27.Qxc4 Qc8 28.Qb3 Qb7 29.Nd5 Rec8
30.Be3 Rc6 31.Qc2 Rc4 32.Nb6 Rac8 33.Nxc4 Rxc4 34.b5 axb5 35.axb5 Qxb5 36.Ra8 Kg8
37.Qa2 Qc6 38.Qa5 Qc7 39.Qd5+ Qf7 40.Qxd6 Ra4 41.Rd8 Ra1+ 42.Kh2 Rf1 43.c4 Rxf2
44.Bxf2 Qxf2 45.Qd5+  1-0

[Event "VII Pereyra Puebla Mem"]
[Site "Mendoza ARG"]
[Date "2008.12.10"]
[Round "7"]
[White "Zuriel,M"]
[Black "Castro,O"]
[Result "1-0"]
[WhiteElo "2189"]
[BlackElo "2395"]

1.e4 e5 2.Nf3 Nc6 3.Bb5 a6 4.Ba4 Nf6 5.O-O Be7 6.Re1 b5 7.Bb3 d6 8.c3 O-O
9.h3 Bb7 10.d4 Re8 11.Nbd2 Bf8 12.d5 Nb8 13.Nf1 Nbd7 14.N3h2 c6 15.dxc6 Bxc6
16.Ng3 Nc5 17.Bg5 Nxb3 18.Qxb3 h6 19.Bxf6 Qxf6 20.Ng4 Qg6 21.Ne3 Qe6 22.Red1 Qxb3
23.axb3 a5 24.Nd5 Reb8 25.Nf5 Rb7 26.f3 Kh8 27.Kf2 g6 28.Nfe3 Kg7 29.Ra2 f6
30.Rda1 a4 31.g4 Rbb8 32.b4 Rb7 33.h4 Kf7 34.Ke2 Rbb8 35.Kd3 Rb7 36.b3 Rba7
37.bxa4 Rxa4 38.Rxa4 Rxa4 39.Rxa4 bxa4 40.c4 Be7 41.b5 Bb7 42.Nxe7 Kxe7 43.h5 f5
44.hxg6 fxe4+ 45.fxe4 Kf6 46.g7  1-0

[Event "VII Pereyra Puebla Mem"]
[Site "Mendoza ARG"]
[Date "2008.12.10"]
[Round "7"]
[White "Van Riemsdijk,H"]
[Black "Lopez Silva,H"]
[Result "1/2-1/2"]
[WhiteElo "2403"]
[BlackElo "2410"]

1.e4 e5 2.Nf3 Nc6 3.Bb5 a6 4.Ba4 Nf6 5.O-O Be7 6.Re1 b5 7.Bb3 d6 8.c3 O-O
9.h3 Bb7 10.d3 Na5 11.Bc2 c5 12.Nbd2 Re8 13.Nf1 Bf8 14.Bg5 h6 15.Bh4 Be7
16.Ne3 d5 17.Nxe5 dxe4 18.Nf5 Qd5 19.Nxe7+ Rxe7 20.Bxf6 gxf6 21.Ng4 Qg5 22.Qc1 Kg7
23.dxe4 Rae8 24.f3 Nc4 25.Qxg5+ hxg5 26.b3 Na3 27.Ne3 Bc8 28.Kf2 f5 29.Bd3 c4
30.bxc4 bxc4 31.Nxc4 Rd8 32.Nxa3 Rxd3 33.Rad1 Rxc3 34.Re3 Rxe3 35.Kxe3 fxe4
36.fxe4 Bb7 37.Rd4 f5 38.Nc4 Bxe4 39.Kf2 Kg6 40.Rd6+ Kh5 41.Ne3 f4 42.Ng4 Bg6
43.Nf6+ Kh4 44.Nd5 Rg7 45.Rxa6 Kh5 46.Nf6+ Kh6 47.Ng4+ Kh7 48.Ra5 Bb1 49.a3 Kg6
50.Ne5+ Kf6 51.Nf3 Be4 52.a4 Rc7 53.Ra6+ Kf5 54.Ra5+ Kf6 55.Ra6+ Kf5 56.Ra5+ Kf6
57.Ra6+  1/2-1/2

[Event "ch-RUS w Superfinal"]
[Site "Moscow RUS"]
[Date "2008.12.13"]
[Round "8"]
[White "Korbut,E"]
[Black "Pogonina,N"]
[Result "1/2-1/2"]
[WhiteElo "2459"]
[BlackElo "2474"]

1.e4 e5 2.Nf3 Nc6 3.Bb5 a6 4.Ba4 Nf6 5.O-O Be7 6.Re1 b5 7.Bb3 O-O 8.c3 d6
9.h3 Bb7 10.d4 Nd7 11.Nbd2 exd4 12.cxd4 Bf6 13.Nf1 Na5 14.Bc2 Re8 15.N1h2 h5
16.Bf4 Nf8 17.Qc1 c5 18.dxc5 dxc5 19.Rd1 Qc8 20.Bg5 Bxg5 21.Qxg5 Bxe4 22.Bxe4 Rxe4
23.Qxh5 Qc7 24.Ng4 Rae8 25.Rac1 Nb7 26.Ne3 f6 27.b3 Qf7 28.Qd5 Qxd5 29.Rxd5 R8e7
30.Kf1 Rc7 31.Ne1 Nd7 32.Rd2 Nb6 33.Nd5 Nxd5 34.Rxd5 Kf7 35.f3 Re6 36.Nd3 c4
37.bxc4 bxc4 38.Rd4 Na5 39.Rd5 Nb7 40.Rd4  1/2-1/2

[Event "CCF Christmas Int"]
[Site "Coulsdon ENG"]
[Date "2008.12.16"]
[Round "2"]
[White "Snape,I"]
[Black "Savage,B"]
[Result "0-1"]
[WhiteElo "2219"]
[BlackElo "2308"]

1.e4 e5 2.Nf3 Nc6 3.Bb5 a6 4.Ba4 Nf6 5.O-O Be7 6.Re1 b5 7.Bb3 d6 8.c3 O-O
9.h3 Bb7 10.d4 Re8 11.a4 h6 12.axb5 axb5 13.Rxa8 Qxa8 14.d5 Nb8 15.Nh4 Bf8
16.Qf3 Nbd7 17.Nf5 Qd8 18.g4 Nh7 19.Qg3 Nc5 20.Bc2 c6 21.b4 Nd7 22.dxc6 Bxc6
23.Na3 Qf6 24.h4 Qe6 25.g5 h5 26.Bd3 g6 27.Ne3 Qb3 28.Nxb5 Nb6 29.Bc2 Qa2
30.Nc7 Rc8 31.Ncd5 Nxd5 32.exd5 Bxd5 33.Nxd5 Qxc2 34.Qf3 Rc4 35.b5 Rg4+ 36.Kf1 Qb3
37.b6 Qb5+ 38.Re2 e4 39.Nf6+ Nxf6 40.Qxf6 Qxb6 41.Rc2 Qa6+ 42.Re2 Qd3 43.Be3 Bg7
44.Qd8+ Kh7 45.Qe7 Rxh4 46.Qxf7 Qd1+  0-1

[Event "XXI Carlos Torre KO"]
[Site "Merida MEX"]
[Date "2008.12.17"]
[Round "1.2"]
[White "Hernandez Guerrero,G"]
[Black "Martinez,Lel"]
[Result "1-0"]
[WhiteElo "2549"]
[BlackElo "2485"]

1.e4 e5 2.Nf3 Nc6 3.Bb5 a6 4.Ba4 Nf6 5.O-O Be7 6.Re1 b5 7.Bb3 O-O 8.h3 d6
9.c3 Bb7 10.d4 Re8 11.Nbd2 Bf8 12.d5 Nb8 13.Nf1 Nbd7 14.Ng3 Nc5 15.Bc2 c6
16.b4 Ncd7 17.dxc6 Bxc6 18.Bb3 Nb6 19.Bg5 Rc8 20.Nh2 h6 21.Bxf6 Qxf6 22.Ng4 Qg6
23.Qf3 Bd7 24.Rad1 Be6 25.Rd3 Rc6 26.Ne3 Rec8 27.Nd5 Bxd5 28.exd5 R6c7 29.Re4 Nd7
30.Rg4 e4 31.Qe3 Qh7 32.Rxe4 Ne5 33.Rxe5 dxe5 34.d6 Rd7 35.Bc2 Rxd6 36.Rd2 g6
37.Ne4 Rxd2 38.Qxd2 Qg7 39.Qd7 Rb8 40.Bb3 g5 41.Qa7 Rd8 42.Qxa6 Kh8 43.Qxb5 f5
44.Ng3 Qf6 45.Bc2 e4 46.Nxf5 Qxc3 47.Qb6 Rc8 48.Bb3 Qe5 49.g4 Bg7 50.Nxh6 Qf4
51.Nf7+ Kh7 52.Qe3 Kg6 53.Kg2 Rc3 54.Qxf4 gxf4 55.Bd5 Rc7 56.h4 Rxf7 57.h5+ Kf6
58.g5+ Ke7 59.Bxf7 Kxf7 60.Kh3 Bc3 61.Kg4 e3 62.fxe3 fxe3 63.Kf3 Bxb4 64.Kxe3 Ba3
65.Ke4 Kg7 66.Kf5 Bb2 67.a4 Bc3 68.Ke6 Bd2 69.Kf5 Bc3 70.h6+ Kh7 71.Ke6 Bd2
72.Kf6 Kg8 73.Kg6 Kh8 74.h7 Bc3 75.Kf7 Kxh7 76.g6+  1-0